<?xml version="1.0" encoding="UTF-8"?>
<marc:record xmlns:marc="http://www.loc.gov/MARC21/slim">
   <marc:leader>00000nam a2200000 a 4500</marc:leader>
   <marc:datafield ind1="1" ind2=" " tag="100">
      <marc:subfield code="a">Roth, Elgin</marc:subfield>
      <marc:subfield code="4">aut</marc:subfield>
      <marc:subfield code="e">Verfasser/-in</marc:subfield>
   </marc:datafield>
   <marc:datafield ind1="1" ind2=" " tag="100">
      <marc:subfield code="a">Sobotzik, Werner</marc:subfield>
      <marc:subfield code="4">edt</marc:subfield>
      <marc:subfield code="e">Bearbeiter/-in</marc:subfield>
   </marc:datafield>
   <marc:datafield ind1=" " ind2=" " tag="653">
      <marc:subfield code="a">Softcover / Musik</marc:subfield>
   </marc:datafield>
   <marc:datafield ind1=" " ind2=" " tag="653">
      <marc:subfield code="a">Caland-Schule</marc:subfield>
   </marc:datafield>
   <marc:datafield ind1=" " ind2=" " tag="653">
      <marc:subfield code="a">Kinesiologie</marc:subfield>
   </marc:datafield>
   <marc:datafield ind1=" " ind2=" " tag="653">
      <marc:subfield code="a">Klavierspiel</marc:subfield>
   </marc:datafield>
   <marc:datafield ind1=" " ind2=" " tag="653">
      <marc:subfield code="a">Körperbewusstsein</marc:subfield>
   </marc:datafield>
   <marc:datafield ind1=" " ind2=" " tag="653">
      <marc:subfield code="a">Eutonie</marc:subfield>
   </marc:datafield>
   <marc:datafield ind1=" " ind2=" " tag="653">
      <marc:subfield code="a">Feldenkrais</marc:subfield>
   </marc:datafield>
   <marc:datafield ind1=" " ind2=" " tag="653">
      <marc:subfield code="a">Alexander-Technik</marc:subfield>
   </marc:datafield>
   <marc:datafield ind1="0" ind2="0" tag="245">
      <marc:subfield code="a">Die Wiederentdeckung der Einfachheit</marc:subfield>
   </marc:datafield>
   <marc:datafield ind1="0" ind2="0" tag="245">
      <marc:subfield code="b">Frédéric Chopins und Ludwig Deppes pianistisches Ideal und seine Bedeutung für den heutigen Klavierunterricht</marc:subfield>
   </marc:datafield>
   <marc:datafield ind1="0" ind2="0" tag="245">
      <marc:subfield code="c">Elgin Roth</marc:subfield>
   </marc:datafield>
   <marc:datafield ind1=" " ind2="1" tag="264">
      <marc:subfield code="a">S.l.] @</marc:subfield>
      <marc:subfield code="b">Hollitzer Wissenschaftsverlag</marc:subfield>
      <marc:subfield code="c">2022</marc:subfield>
   </marc:datafield>
   <marc:datafield ind1="1" ind2=" " tag="490">
      <marc:subfield code="a">Hallesche Schriften zur Musikpädagogik</marc:subfield>
   </marc:datafield>
   <marc:datafield ind1=" " ind2=" " tag="250">
      <marc:subfield code="a">3., unveränderte Auflage</marc:subfield>
   </marc:datafield>
   <marc:datafield ind1="1" ind2=" " tag="520">
      <marc:subfield code="a">In diesem Buch werden klaviermethodisch relevante historische Zeugnisse über Frédéric Chopin und Ludwig Deppe zusammengefasst, die im deutschsprachigen Raum angesichts ihrer Aktualität es verdienen, bekannt gemacht zu werden. Bei gründlicher Lektüre der pianistisch-pädagogischen Hinweise Chopins und Deppes zeigt sich - trotz ihres unterschiedlichen Naturells - eine erstaunlich weit reichende Übereinstimmung der pianistischen Ideale wie auch der klaviermethodischen Überzeugungen und Praktiken.

Frédéric Chopin (1810-1849) und Ludwig Deppe (1828-1890) verfochten Standpunkte, die dem damaligen Zeitgeist diametral entgegenstanden, heute aber, zumal im Sinne moderner Körperpraktiken, mit Sicherheit eine spontane Anerkennung fänden. Ursache für die Unkenntnis und damit für die Nichtbeachtung der außerordentlich wichtigen Beiträge Chopins wie Deppes zum Thema Klavierspiel in der Fachliteratur ist sicher ihrer beider Mangel an diesbezüglichem publizistischem Ehrgeiz. Heute ist die Zeit reif dafür, dieses Wissensgut wieder zu entdecken und in Theorie und Praxis zu eigenem Vorteil zu nutzen.

Die 2. Auflage wurde vollständig überarbeitet, die 3. ist ein unveränderter Nachdruck der 2. Auflage.

Die Reihe "Hallesche Schriften zur Musikpädagogik" wird herausgegeben von Georg Maas im Auftrag des Instituts für Musik, Abteilung Musikpädagogik der Martin-Luther-Universität Halle-Wittenberg.
</marc:subfield>
   </marc:datafield>
   <marc:datafield ind1=" " ind2=" " tag="020">
      <marc:subfield code="a">9783990945834</marc:subfield>
      <marc:subfield code="9">9783990945834</marc:subfield>
   </marc:datafield>
   <marc:datafield ind1=" " ind2=" " tag="020">
      <marc:subfield code="a">3990945831</marc:subfield>
      <marc:subfield code="9">3990945831</marc:subfield>
   </marc:datafield>
   <marc:datafield ind1=" " ind2=" " tag="041">
      <marc:subfield code="a">ger</marc:subfield>
   </marc:datafield>
   <marc:datafield ind1=" " ind2=" " tag="300">
      <marc:subfield code="a">176 Seiten</marc:subfield>
   </marc:datafield>
</marc:record>
